[Event "Challenge"]
[Site "http://www.queenalice.com/game.php?id=157570"]
[Date "2007.1.22"]
[Round "-"]
[White "alessandro_boladao"]
[Black "caduaranha"]
[Result "0-1"]
[WhiteElo "1424"]
[BlackElo "1032"]

1. e4 Nf6 2. Nf3 d5 3. exd5 Nxd5 4. Ng5 f6 5. c4 Nb6 6. c5 Nd5 7. Nc3 fxg5 8.
Nxd5 Qxd5 9. b3 Qe5+ 10. Qe2 Qxa1 11. Qd1 Qxa2 12. Bc4 h5 13. Qf3 Qb1 0-1

[Event "Let's Play Chess!"]
[Site "http://www.queenalice.com/game.php?id=158613"]
[Date "2007.1.24"]
[Round "-"]
[White "bazzo0815"]
[Black "caduaranha"]
[Result "1-0"]
[WhiteElo "1821"]
[BlackElo "1025"]

1. Nf3 e6 2. g3 Nc6 3. d4 d5 4. Bg2 Bd7 5. O-O Nf6 6. c4 dxc4 7. Nc3 Be7 8. Ne5
O-O 9. Nxc6 bxc6 10. Qa4 Rb8 11. Qxc4 e5 12. dxe5 Ne8 13. Bxc6 Be6 14. Qa4 f6
15. Rd1 Qc8 16. b3 fxe5 17. Ba3 Bxa3 18. Qxa3 Rb6 19. Bd7 Bxd7 20. Qe7 Rf7 21.
Qxe5 Nd6 22. Nd5 Rb5 23. a4 Rxb3 24. Ne7+ Kf8 25. Nxc8 Bxc8 26. Rxd6 cxd6 27.
Qxd6+ Re7 28. Rc1 Ba6 29. Qxa6 g5 30. Rc8+ Re8 31. Qf6+ Kg8 32. Rxe8# 1-0

[Event "Challenge"]
[Site "http://www.queenalice.com/game.php?id=158682"]
[Date "2007.1.24"]
[Round "-"]
[White "caduaranha"]
[Black "FENIX_40"]
[Result "1-0"]
[WhiteElo "1146"]
[BlackElo "1449"]

1. e4 e5 2. Nc3 Bc5 3. Qe2 d6 4. Qf3 Nh6 5. Bb5+ c6 6. Ba4 Bg4 7. Qd3 Qf6 8.
Nge2 Qxf2+ 9. Kd1 Qxg2 10. Re1 Bf2 11. Bxc6+ Nxc6 12. b3 Bxe1 13. Kxe1 Qh1+ 14.
Kf2 Qxh2+ 15. Ke1 Qh1+ 16. Kf2 Qh2+ 17. Ke1 Nd4 18. Nxd4 exd4 19. Qxd4 Qe2+ 20.
Nxe2 O-O-O 21. Qxg7 Rde8 22. Qxh6 Rxe4 23. Qxd6 Rxe2+ 24. Kf1 Rhe8 25. Qc5+ Kd8
26. Qxa7 Bh3+ 27. Kg1 Re1+ 28. Kf2 R8e2+ 29. Kf3 Bg2+ 30. Kg3 Bh1 31. Qa8+ Kc7
32. Qa5+ Kc6 33. Qc3+ Kd7 34. Qd4+ Kc6 35. Qc4+ Kd6 36. Ba3+ Ke5 37. Qf4+ Ke6
38. Qh4 Rxa1 39. Qg4+ f5 40. Qxe2+ Kf6 41. Kf2 Be4 42. Bb2+ Kg5 43. Bxa1 f4 44.
Qxe4 Kg4 45. Qe6+ Kg5 46. Bf6+ Kh6 47. d4 b6 48. d5 b5 49. d6 f3 50. d7 b4 51.
d8=Q Kg6 52. Qg4+ Kf7 53. Qe7# 1-0

[Event "Challenge"]
[Site "http://www.queenalice.com/game.php?id=158687"]
[Date "2007.1.24"]
[Round "-"]
[White "caduaranha"]
[Black "Leh"]
[Result "0-1"]
[WhiteElo "1025"]
[BlackElo "1459"]

1. Nc3 d5 2. d4 e5 3. e4 dxe4 4. Nxe4 exd4 5. c3 Nc6 6. Bg5 Qd5 7. Bd2 Qxe4+ 8.
Be3 dxe3 9. f3 Qe6 10. Qb1 Nf6 11. Ne2 Bc5 12. Nf4 Qd6 13. Qc1 Qxf4 14. g3 Qxf3
15. Rg1 e2 16. Bxe2 Qf2+ 17. Kd2 Be3+ 18. Kc2 Qxe2+ 19. Kb3 Bxc1 20. Raxc1 Be6+
21. Ka3 Qa6# 0-1

[Event "Challenge"]
[Site "http://www.queenalice.com/game.php?id=164872"]
[Date "2007.2.7"]
[Round "-"]
[White "caduaranha"]
[Black "fabianocsk"]
[Result "1-0"]
[WhiteElo "1133"]
[BlackElo "1120"]

1. e3 e5 2. Nf3 Nc6 3. Nc3 Nf6 4. d4 d6 5. d5 Nb4 6. a3 Nfxd5 7. axb4 Nxb4 8.
Ra4 Nc6 9. b3 h5 10. h4 Bg4 11. g3 Qf6 12. Be2 a5 13. Ba3 Qf5 14. Nb5 Rc8 15.
Ng1 e4 16. f3 exf3 17. Nxf3 Bh3 18. Rf4 Qe6 19. Bc4 Qxe3+ 20. Qe2 Qxe2+ 21. Kxe2
Rd8 22. Rxh3 Rh6 23. Bxf7+ Ke7 24. Ng5 Nd4+ 25. Kd3 Nxb5 26. g4 Nxa3 27. Re3+
Kd7 28. Ne6 Rc8 29. g5 Rh7 30. g6 Rh6 31. c3 b5 32. b4 a4 33. Kd4 Nc2+ 34. Kd3
Na1 35. Rf1 Nb3 36. Rf5 Be7 37. Rd5 c6 38. Nc5+ Kd8 39. Nb7+ Kc7 40. Rxe7+ Kb8
41. Rxd6 a3 42. Re2 Nc1+ 43. Kd2 Nxe2 44. Kxe2 c5 45. Nxc5 Kc7 46. Rd7+ Kc6 47.
Bd5+ Kb6 48. Rb7# 1-0

[Event "Let's Play Chess!"]
[Site "http://www.queenalice.com/game.php?id=165007"]
[Date "2007.2.7"]
[Round "-"]
[White "Bitencourt"]
[Black "caduaranha"]
[Result "0-1"]
[WhiteElo "1194"]
[BlackElo "1069"]

1. d4 e6 2. e4 b6 3. Nf3 Bb4+ 4. c3 Ba5 5. b4 Bxb4 6. cxb4 Nf6 7. Bg5 h6 8. Bxf6
gxf6 9. Bd3 f5 10. exf5 exf5 11. Bxf5 Nc6 0-1

[Event "Let's Play Chess!"]
[Site "http://www.queenalice.com/game.php?id=165010"]
[Date "2007.2.7"]
[Round "-"]
[White "caduaranha"]
[Black "dahora"]
[Result "0-1"]
[WhiteElo "1122"]
[BlackElo "1801"]

1. e4 e6 2. Nc3 d5 3. exd5 exd5 4. Qe2+ Ne7 5. b3 c6 6. Bb2 Qc7 7. Nf3 Bg4 8. h3
Bh5 9. g4 Bg6 10. O-O-O Nd7 11. Bg2 O-O-O 12. h4 h6 13. Rh3 Nc5 14. h5 Bh7 15.
g5 d4 16. Ne4 Bxe4 17. d3 Qf4+ 18. Nd2 Bxg2 19. Rg3 Bd5 20. f3 Nf5 21. Rg4 Qd6
22. g6 Ne3 23. Re1 Nxg4 24. fxg4 Ne6 25. gxf7 Be7 26. a4 Rhf8 27. Qf2 Bf6 28. a5
Rxf7 29. g5 hxg5 30. c3 Nf4 31. b4 Nxd3+ 32. Kc2 Nxf2 33. Rf1 dxc3 34. Rxf2 Qxb4
35. Bc1 cxd2 36. Bxd2 Bb3+ 37. Kc1 Qa3+ 38. Kb1 Qa1# 0-1

[Event "Let's Play Chess!"]
[Site "http://www.queenalice.com/game.php?id=165011"]
[Date "2007.2.7"]
[Round "-"]
[White "dahora"]
[Black "caduaranha"]
[Result "1-0"]
[WhiteElo "1776"]
[BlackElo "1122"]

1. d4 Nc6 2. d5 Ne5 3. e4 c6 4. Nc3 Nf6 5. Bf4 d6 6. Nf3 cxd5 7. exd5 g6 8. Nxe5
dxe5 9. Bxe5 Bg7 10. Bc4 O-O 11. O-O Bg4 12. Qd4 Qc8 13. Bb3 a5 14. h3 Bf5 15.
Nb5 Qe8 16. Nc7 Qd8 17. Nxa8 Qxa8 18. c4 a4 19. Bd1 b6 20. Bf3 Rd8 21. b3 axb3
22. axb3 Qb7 23. Rfe1 h5 24. d6 exd6 25. Bxb7 Rd7 26. Bxf6 Bxf6 27. Qxf6 Rxb7
28. Ra8+ Kh7 29. Rh8# 1-0

[Event "AUTO-OPEN-547"]
[Site "http://www.queenalice.com/game.php?id=165024"]
[Date "2007.2.7"]
[Round "1"]
[White "Zagonel"]
[Black "caduaranha"]
[Result "1-0"]
[WhiteElo "1237"]
[BlackElo "1144"]

1. Nf3 e6 2. e3 Nc6 3. Be2 g6 4. b3 Bg7 5. c3 h5 6. h4 b6 7. Ng5 f6 8. Ne4 f5 9.
Ng5 Ne5 10. O-O c6 11. d4 Nf7 12. Nf3 Ne7 13. Ba3 d6 14. Nbd2 c5 15. b4 Bd7 16.
bxc5 bxc5 17. dxc5 dxc5 18. Bxc5 O-O 19. Qb1 Rc8 20. Nb3 Bc6 21. Nbd4 Be4 22.
Qb4 a6 23. Nxe6 Qe8 24. Nxf8 Qxf8 25. Bxe7 Qxe7 26. Qxe7 Bd5 27. Qd7 Rf8 28.
Qxd5 Bf6 29. Qe6 Kg7 30. Qxa6 Bxc3 31. Bc4 Bxa1 32. Rxa1 Nh8 33. Qa7+ Kh6 34.
Qe7 Rg8 35. Bxg8 g5 36. Qxg5# 1-0

[Event "AUTO-OPEN-547"]
[Site "http://www.queenalice.com/game.php?id=165025"]
[Date "2007.2.7"]
[Round "1"]
[White "caduaranha"]
[Black "Zagonel"]
[Result "0-1"]
[WhiteElo "1143"]
[BlackElo "1299"]

1. e3 Nf6 2. Nc3 g6 3. g3 b6 4. Bg2 c6 5. b3 d6 6. f3 g5 7. Bb2 Bg7 8. f4 gxf4
9. gxf4 Ng4 10. Bh3 f5 11. e4 Nh6 12. exf5 Bxf5 13. Bg2 Bg4 14. Bf3 Bf5 15. d3
e5 16. fxe5 dxe5 17. Qd2 O-O 18. O-O-O Qd6 19. Nge2 Nd7 20. Rhg1 Rae8 21. a4 Bh3
22. Qe3 Nf5 23. Qf2 Nc5 24. b4 Na6 25. Ba3 c5 26. bxc5 bxc5 27. Nb5 Qb6 28. Nec3
Nd4 29. Rg3 Qh6+ 30. Rd2 Rxf3 31. Rxf3 Nxf3 32. Qxf3 Rd8 33. Nxa7 c4 34. Nc6 Rd7
35. Nxe5 Bxe5 36. Qe4 Qe6 37. d4 Qh6 38. Qxe5 Bg4 39. Qe4 Qg5 40. Qe6+ Bxe6 41.
Ne4 Qh6 42. a5 Rxd4 43. c3 Rxe4 44. Kb2 Qxd2+ 45. Ka1 Re1+ 46. Bc1 Rxc1# 0-1

[Event "AUTO-OPEN-547"]
[Site "http://www.queenalice.com/game.php?id=165054"]
[Date "2007.2.7"]
[Round "1"]
[White "caduaranha"]
[Black "Goles_Giovano"]
[Result "0-1"]
[WhiteElo "1069"]
[BlackElo "2017"]

1. Nc3 e5 2. Nf3 Nc6 3. e4 f5 4. g3 Nf6 5. exf5 d5 6. Bg2 Bxf5 7. O-O Bd6 8. b4
Bxb4 9. Nb5 O-O 10. c3 Be7 11. a4 a6 12. Na3 Qd7 13. Rb1 Bxb1 14. Nxb1 e4 15.
Nh4 g5 16. Nf5 Qxf5 17. d3 Ne5 18. Nd2 Nxd3 19. g4 Nxg4 20. a5 Bd6 21. Bh3 Bxh2+
22. Kg2 Nf4+ 23. Kh1 Nxh3 24. Qe2 Nf4 25. Qd1 Rf6 26. Qb3 Rh6 27. Qxb7 Nxf2+ 28.
Rxf2 Qg4 29. Qxa8+ Kg7 30. Qb8 Qg1# 0-1

[Event "AUTO-OPEN-547"]
[Site "http://www.queenalice.com/game.php?id=165055"]
[Date "2007.2.7"]
[Round "1"]
[White "Goles_Giovano"]
[Black "caduaranha"]
[Result "1-0"]
[WhiteElo "1930"]
[BlackElo "1082"]

1. d4 e6 2. c4 b6 3. Nc3 Ba6 4. e4 Be7 5. Bd3 Nf6 6. Qc2 O-O 7. e5 Ng4 8. Bxh7+
Kh8 9. Bd3 Bb7 10. Nf3 Nc6 11. a3 a5 12. h4 g6 13. Bf4 f5 14. exf6 Bxf6 15. Bg5
Nxd4 16. Nxd4 Bxd4 17. Bxd8 Bxf2+ 18. Ke2 Bg3 19. Rhf1 Rfxd8 20. Be4 d5 21. Bxd5
exd5 22. Qxg6 Rg8 23. Qh5+ Kg7 24. Rf7# 1-0

[Event "AUTO-OPEN-547"]
[Site "http://www.queenalice.com/game.php?id=165056"]
[Date "2007.2.7"]
[Round "1"]
[White "caduaranha"]
[Black "ChrisDavison102"]
[Result "0-1"]
[WhiteElo "1132"]
[BlackElo "1961"]

1. e3 e5 2. e4 Nf6 3. Nc3 Bb4 4. Qf3 d6 5. a3 Ba5 6. Bb5+ c6 7. Bc4 O-O 8. b4
Bb6 9. Nge2 Bg4 10. Qg3 Re8 11. h3 Bh5 12. d3 Nbd7 13. Bh6 Bg6 14. h4 Nh5 15.
Qg4 gxh6 16. Rf1 Ndf6 17. Qf3 Qd7 18. a4 a6 19. Qg3 Nxg3 20. fxg3 Ng4 21. a5 Ba7
22. O-O-O Ne3 23. Rf3 Nxd1 24. Kxd1 Bh5 25. Rf6 Kg7 26. Rf1 Bd4 27. g4 Bxg4 28.
Nb1 d5 29. exd5 cxd5 30. Bb3 Be3 31. Ke1 Qb5 32. Na3 Qd7 33. g3 Qe7 34. Bxd5
Qxb4+ 35. c3 Qxa3 36. Bxb7 Qa1+ 37. Nc1 Qxc1# 0-1

[Event "AUTO-OPEN-547"]
[Site "http://www.queenalice.com/game.php?id=165057"]
[Date "2007.2.7"]
[Round "1"]
[White "ChrisDavison102"]
[Black "caduaranha"]
[Result "1-0"]
[WhiteElo "1894"]
[BlackElo "1130"]

1. e4 e5 2. Nf3 Nc6 3. d4 exd4 4. Bc4 Bb4+ 5. Kf1 Na5 6. Qxd4 f6 7. Bxg8 Rxg8 8.
Qxb4 Nc6 9. Qe1 b6 10. Nc3 Ba6+ 11. Kg1 Qe7 12. g3 O-O-O 13. Kg2 h6 14. Bd2 g5
15. h3 d6 16. Nd5 Qf7 17. h4 gxh4 18. Nxh4 Rde8 19. Nf5 Ne5 20. Nxh6 Qf8 21.
Nxg8 Qxg8 22. Nxf6 Qf7 23. Nxe8 Qxe8 24. Bc3 c5 25. f4 Nc4 26. Rh8 Qd8 27. Rxd8+
Kxd8 28. g4 Bb7 29. Qh4+ Ke8 30. Qh8+ Ke7 31. Rh1 Bxe4+ 32. Kg1 Bxh1 33. Kxh1
Nxb2 34. Bxb2 d5 35. Qf6+ Ke8 36. g5 d4 37. g6 Kd7 38. g7 a5 39. g8=Q b5 40.
Qgg7+ Ke8 41. Qff8# 1-0

[Event "AUTO-BEG-70"]
[Site "http://www.queenalice.com/game.php?id=165118"]
[Date "2007.2.7"]
[Round "1"]
[White "appalachia"]
[Black "caduaranha"]
[Result "1-0"]
[WhiteElo "1243"]
[BlackElo "1082"]

1. d4 Nc6 2. c4 b6 3. e3 Bb7 4. d5 Nb4 5. b3 Na6 6. Qc2 e6 7. dxe6 dxe6 8. Bb2
Nf6 9. Bd3 Bd6 10. Bxf6 gxf6 11. Bxh7 Bb4+ 12. Nc3 f5 13. Rd1 Qe7 14. e4 Rxh7
15. Ne2 fxe4 16. O-O Nc5 17. Nd4 Ba6 18. Qxe4 Nxe4 19. Nxe4 Rh4 20. Nc6 Rxe4 21.
Nxe7 Kxe7 22. h3 Rh8 23. f3 Re3 24. Rd4 Bc3 25. Re4 Rd3 26. Kh2 Be5+ 27. f4
Rdxh3+ 28. gxh3 f5 29. Rxe5 b5 30. cxb5 Bc8 31. Kg3 Rg8+ 32. Kh2 Kd7 33. a4 Bb7
34. h4 Rh8 35. Kh3 a6 36. bxa6 Bxa6 37. Rd1+ Ke7 38. b4 Rd8 39. Rxd8 Kxd8 40. h5
Bf1+ 41. Kh4 Kd7 42. h6 Bd3 43. h7 Bc2 44. a5 c5 45. h8=Q cxb4 46. Qh7+ Kc6 47.
a6 Kb6 48. Qb7# 1-0

[Event "AUTO-BEG-70"]
[Site "http://www.queenalice.com/game.php?id=165119"]
[Date "2007.2.7"]
[Round "1"]
[White "caduaranha"]
[Black "appalachia"]
[Result "0-1"]
[WhiteElo "1048"]
[BlackElo "1216"]

1. Nc3 d5 2. e3 e5 3. Bb5+ Bd7 4. a4 Bxb5 5. axb5 c6 6. bxc6 Nxc6 7. Nf3 d4 8.
exd4 Bd6 9. dxe5 Nxe5 10. Nb5 Ne7 11. Ra3 a6 12. Nxd6+ Qxd6 13. Ra5 O-O 14. Nxe5
Qb6 15. Ra4 Rad8 16. d3 Rd4 17. Ra3 Nc6 18. c3 Nxe5 19. cxd4 Qxd4 20. O-O Rc8
21. Be3 Qxb2 22. Qa4 h6 23. Ra2 Qc3 24. Rd1 Nxd3 25. Ra3 Qb4 26. Qd7 Rc3 27.
Rxc3 Qxc3 28. Rxd3 Qe1# 0-1

[Event "AUTO-BEG-70"]
[Site "http://www.queenalice.com/game.php?id=165130"]
[Date "2007.2.7"]
[Round "1"]
[White "ferrari"]
[Black "caduaranha"]
[Result "0-1"]
[WhiteElo "1116"]
[BlackElo "1105"]

1. e4 e5 2. Nf3 d6 3. d4 Nf6 4. dxe5 Nxe4 5. Bd3 Nc5 6. exd6 cxd6 7. O-O Be7 8.
Re1 Be6 9. Bb5+ Nbd7 10. Ng5 Bf5 11. Qd5 Rf8 12. Qxf5 a6 0-1

[Event "AUTO-BEG-70"]
[Site "http://www.queenalice.com/game.php?id=165131"]
[Date "2007.2.7"]
[Round "1"]
[White "caduaranha"]
[Black "ferrari"]
[Result "1-0"]
[WhiteElo "1078"]
[BlackElo "1287"]

1. e4 c5 2. c4 d6 3. d3 Nc6 4. b3 Nf6 5. Nf3 g6 6. Bb2 e5 7. g3 Bg4 8. Be2 Bxf3
9. Bxf3 Bg7 10. a4 O-O 11. h4 1-0

[Event "AUTO-BEG-70"]
[Site "http://www.queenalice.com/game.php?id=165138"]
[Date "2007.2.7"]
[Round "1"]
[White "caduaranha"]
[Black "knightsdefence"]
[Result "1-0"]
[WhiteElo "1122"]
[BlackElo "1274"]

1. Nc3 d5 2. d4 e6 3. e3 Bd6 4. Bb5+ c6 5. Ba4 Ne7 6. Nf3 h6 7. b3 b5 8. Nxb5
cxb5 9. Bxb5+ Bd7 10. Bd3 Bb4+ 11. Bd2 Bxd2+ 12. Qxd2 Nbc6 13. O-O Bc8 14. a4
Nb8 15. Bb5+ Bd7 16. Bd3 O-O 17. g3 Nbc6 18. c4 Rb8 19. Ra3 Nc8 20. a5 a6 21.
cxd5 exd5 22. Bxa6 Ra8 23. Bb5 N6a7 24. Qb4 Nxb5 25. Ra4 Nbd6 26. Qc5 Bxa4 27.
bxa4 Qxa5 28. Qc6 Rd8 29. Qc1 Qxa4 30. Qb2 Qb5 31. Rb1 Qxb2 32. Rxb2 Ne7 33. Nh4
Rab8 34. Ra2 1-0

[Event "AUTO-BEG-70"]
[Site "http://www.queenalice.com/game.php?id=165139"]
[Date "2007.2.7"]
[Round "1"]
[White "knightsdefence"]
[Black "caduaranha"]
[Result "1-0"]
[WhiteElo "1126"]
[BlackElo "1095"]

1. d4 Nc6 2. d5 Ne5 3. e4 Nf6 4. Nd2 d6 5. c4 Bg4 6. Be2 g6 7. Bxg4 Nexg4 8. h3
Ne5 9. b3 Qd7 10. Ne2 b6 11. Bb2 g5 12. Bxe5 dxe5 13. Ng1 Bg7 14. Ndf3 Nxe4 15.
Qd3 Nxf2 16. Kxf2 e4 17. Qd1 exf3 18. Nxf3 h6 19. Re1 Bxa1 20. Qxa1 Rg8 21. Qb2
Rg6 22. Qh8+ Rg8 23. Qxg8# 1-0

[Event "Challenge"]
[Site "http://www.queenalice.com/game.php?id=168556"]
[Date "2007.2.14"]
[Round "-"]
[White "xcorex"]
[Black "caduaranha"]
[Result "1-0"]
[WhiteElo "1859"]
[BlackElo "1095"]

1. e4 e5 2. d4 exd4 3. c3 dxc3 4. Bc4 Nf6 5. e5 cxb2 6. Bxb2 Nc6 7. exf6 gxf6 8.
Qf3 Qe7+ 9. Ne2 Ne5 10. Bxe5 Qxe5 11. Nc3 Bb4 12. O-O h5 13. Nd5 Qg5 14. Nxc7+
Kd8 15. Nxa8 Qc5 16. Qxf6+ Ke8 17. Qxh8+ Qf8 18. Qxh5 Qg8 19. Nc7+ Kd8 20. Bxf7
Qf8 21. Nd5 Bd6 22. Rfe1 b5 23. Ng3 Bb4 24. Qh4+ Be7 25. Rxe7 Bb7 26. Re8# 1-0

[Event "Let's Play Chess!"]
[Site "http://www.queenalice.com/game.php?id=228415"]
[Date "2007.6.21"]
[Round "-"]
[White "caduaranha"]
[Black "rsgaspar"]
[Result "0-1"]
[WhiteElo "1148"]
[BlackElo "1682"]

1. e3 d5 2. Nc3 e6 3. e4 c6 4. Bd3 Nf6 5. f3 Be7 6. exd5 cxd5 7. Bb5+ Bd7 8. Be2
Nc6 9. b3 a6 10. a4 h6 11. Bb2 O-O 12. h3 Bd6 13. Bd3 Bg3+ 14. Ke2 Qb6 15. a5
Qf2# 0-1

[Event "Challenge"]
[Site "http://www.queenalice.com/game.php?id=234052"]
[Date "2007.7.3"]
[Round "-"]
[White "rafaelbdb"]
[Black "caduaranha"]
[Result "1-0"]
[WhiteElo "1323"]
[BlackElo "1174"]

1. e4 e5 2. Nf3 d6 3. c4 Be7 4. Nc3 Nf6 5. Be2 Nc6 6. O-O Nh5 7. Nd5 b6 8. d4
exd4 9. Nxd4 Bb7 10. Bxh5 g6 11. Nxc6 Bxc6 12. Bg4 b5 13. Nxe7 Qxe7 14. Re1 bxc4
15. Bf3 h5 16. e5 d5 17. Bxd5 Qd7 18. Bxc6 Qxc6 19. Bg5 O-O 20. Rc1 Qe8 21. Rxc4
Rc8 22. Bh6 Qe6 23. Rd4 c5 24. Rd6 1-0